000 00451nam a2200205Ia 4500
001 12880
003 GE_BSU
008 181216s||||||||xx |||||||||||||| ||und||
020 _a0778300897
040 _cGE_BSU
080 _a821.111-312.4
100 _aGerritsen,Tess.
245 _aIn their footsteps.
260 _aBarcelona.
260 _bMira Books.
260 _c1994
300 _a329p;18cm.
653 _aIn their footsteps.
942 _cBK
999 _c46050
_d46050